| 000 | 00650nam a2200193 a 4500 | ||
|---|---|---|---|
| 001 | 12191 | ||
| 003 | CO-ViMGA | ||
| 008 | 141112s2004 ck r 000 u spa d | ||
| 020 | _a8428315981 | ||
| 040 |
_aCO-ViMGA _bspa _cCO-ViMGA |
||
| 082 | 0 | 4 | _a621.38195 T66r |
| 100 | 1 |
_aTooley, Michael _917281 |
|
| 245 | 1 | 0 | _aReparacion y mantenimiento de computadores |
| 260 |
_aMadrid, _cEd. Paraninfo S.A., _c1988 |
||
| 300 | _a251 p. il, diagrs. | ||
| 590 | _aForma de adquisición : Compra - - Precio : 47.000 - - Proveedor : FIS - - Fecha de adquisición : Sept. 23, 2000 | ||
| 650 | 1 | 4 |
_aCOMPUTADORES - REPARACION Y MANTENIMIENTO _917282 |
| 942 |
_2ddc _cBK |
||
| 999 |
_c23205 _d23205 |
||